00492nam a2200157Ia 45000010006000000050017000060080041000230410008000640820016000721000039000882450155001272600009002823000027002916500008003186540008003262080020260306172832.0260306t2020||||xx |||||||||||||| ||spa|| aESP a343.8bC25R aCanani Hernández, Jennifer,eAUT 0aReparos al IGV por calificación de operaciones como no reales/ Reparos al impuesto de la renta por calificación de operaciones como no fehacientes c2020 a64 páginas :c24 cm. aGEN aCDE